00854nam a2200217 a 45000010005000000030005000050050017000100080041000270400020000681110075000882450091001632600032002543000010002865000046002965000024003427100073003667100072004399420013005119990015005249520097005391756CDMR20130328101710.0130130s ||||||||||||||||||||||||||||d aCDMRbcatcCDMR2 aJornada Internacional de la Prensa AgrariacBarcelonad1987n1ª9119410aExpoaviga 87b: Jornada de la prensa agraria : 27 de noviembre de 1987 : [Ponències] aBarcelonabAGROPRESc[198?] c30 cm aConté apart el programa de les Jornades aExemplar fotocopiat aAsociación de Periodistas Agroalimentarios de Españaeorg.91316 aAssociació de periodistes i escriptors agraris de Catalunya91195 cMON2udc c1756d1756 00104070aCDMRbCDMRd2013-01-16l0oBcpBc389050201301161250r2013-01-16w2013-01-16yMON